Najlepsi strzelcy Arsenalu. - Statystyki

Ogólne statystyki
  • Ten quiz został rozwiązany 165 razy
  • Średni wynik to 8 z 15
Statystyki odpowiedzi
Lata Ilość goli Piłkarz % Poprawnych
1999-2007, 2012-2012 228 Henry
95%
2018-teraz 72 Aubameyang
86%
2017-teraz 51 Lacazette
71%
2004-2012 132 Van Persie
70%
1995-2006 109 Bergkamp
64%
2012-2018 105 Giroud
59%
2014-2018 80 Sanchez
55%
2000-2006 85 Pires
48%
2006-2018 108 Walcott
46%
1991-1998 149 Wright
43%
2003-2011 57 Fabregas
40%
2008-2019 65 Ramsey
36%
1998-2007 71 Ljungberg
30%
2006-2009 62 Adebayor
17%
1985-1996 57 Merson
1%
Nie znaleziono quizów pasujących do podanych kryteriów
Rozkład punktacji
Procent ludzi z każdym wynikiem
Percentyl według liczby udzielonych odpowiedzi
Twoja historia wyników
Nie rozwiązałeś tego quizu